000
00503nam a2200145Ia 4500
008
100204s9999 xx 000 0 und d
082
_b
704
100
_a
वरेरकर भार्गवराम विठ्ठल
245
_a
अ - पूर्व बंगाल
260
_b
"बॉम्बे बुक डेपो, मुंबई"
_c
1953
300
_a
71
630
_a
अ - पूर्व बंगाल
730
_a
अ - पूर्व बंगाल
942
_c
BOOK
999
_c
445899
_d
445896